[Event "Haifa"]
[Site "Haifa"]
[Date "1995.??.??"]
[Round "11"]
[White "Smirin, Ilia"]
[Black "Kosashvili, Yona"]
[Result "1/2-1/2"]
[WhiteElo "2630"]
[BlackElo "2560"]

1.e4 e5 2.Nf3 Nc6 3.Bb5 a6 4.Ba4 Nf6 5.O-O Be7 6.Re1 b5 7.Bb3 d6 8.c3 O-O
9.h3 Na5 10.Bc2 c5 11.d4 cxd4 12.cxd4 Bb7 13.Nc3 Qc7 14.a3 Rac8 15.d5 Nc4
16.Bd3 Nd7 17.Bf1 Ncb6 18.Be3 f5 19.exf5 Rxf5 20.Bd3 Rf7 21.Ng5 Bxg5 22.Bxg5 Nc4
23.Qh5 Nf8 24.Qe2 Nxb2 25.Nxb5 Qc5 26.Qxb2 Qxd5 27.Bf1 axb5 28.Qxb5 Ne6 29.Qxd5 Bxd5
30.Be3 Bc4 31.a4 Bxf1 32.Kxf1 Rb7 33.Reb1 Rxb1+ 34.Rxb1 Ra8 35.Ra1 Ra6 36.a5 Kf7
37.Ke2 Ke7 38.Kd3 Kd7 39.Bb6 Nf4+ 40.Ke4 Ke6 41.Kf3 Nd5 42.Be3 Nf6 43.Bd2 Nd7
44.Rb1 Kd5 45.Ke3 Ra8 46.f4 exf4+ 47.Kxf4 Rc8 48.Ra1 Nc5 49.Rd1 Kc4  1/2-1/2

[Event "PCA/Intel-GP"]
[Site "Moscow"]
[Date "1995.??.??"]
[Round "?"]
[White "Kramnik, Vladimir"]
[Black "Smirin, Ilia"]
[Result "1/2-1/2"]
[WhiteElo "2715"]
[BlackElo "2630"]

1.Nf3 Nf6 2.c4 g6 3.Nc3 Bg7 4.e4 d6 5.d4 O-O 6.Be2 e5 7.d5 a5 8.h3 Na6 9.Bg5 h6
10.Be3 Nd7 11.Qd2 Kh7 12.g4 Ndc5 13.O-O-O f5 14.exf5 gxf5 15.Rdg1 Qe7 16.gxf5 Bxf5
17.Rg3 Nb4 18.Bxc5 dxc5 19.Rhg1 Rf7 20.a3 e4 21.Ne1 Be5 22.Re3 Qh4 23.Kb1 Na6
24.Bg4 Bg6 25.Rg2 Bf4 26.Nc2 Raf8 27.Nd1 Bxe3 28.Ncxe3 b6 29.Ka2 Nb8 30.Be6 Re7
31.Ng4 Nd7 32.Nc3 Qg5 33.Qe1 Nf6 34.Qg1 Nxg4 35.Rxg4 Qf6 36.Qg2 Rxe6 37.dxe6 Qxe6
38.Ka1 e3 39.fxe3 Bd3 40.Qd5 Qxd5 41.cxd5 Rf3 42.e4 Rxh3 43.e5 Re3 44.d6 cxd6
45.Nd5 Re1+ 46.Ka2 Bg6 47.Nf6+ Kg7 48.Ne8+ Kf8 49.Rxg6 Kxe8 50.Rxd6 h5 51.Rxb6 Rxe5
52.Kb3 Kf7 53.Ka4 Kg7 54.Kxa5 h4 55.Rb7+ Kg6 56.Rb6+ Kg5 57.Rb8 Kg4 58.a4 h3
59.Rg8+ Rg5 60.Rd8 h2 61.Rd1 Kh3 62.Rh1 Kg2 63.Rxh2+ Kxh2 64.Kb5 Kg3 65.a5 c4+
66.Kxc4 Rxa5 67.b4 Rh5 68.b5 Kf4 69.b6 Ke5 70.b7 Rh8 71.Kc5 Ke6 72.Kc6  1/2-1/2

[Event "Moscow PCA-Intel qual"]
[Site "Moscow"]
[Date "1995.??.??"]
[Round "6"]
[White "Aseev, Konstantin N"]
[Black "Smirin, Ilia"]
[Result "0-1"]
[WhiteElo "2530"]
[BlackElo "2630"]

1.d4 Nf6 2.c4 g6 3.g3 c6 4.Bg2 d5 5.cxd5 cxd5 6.Nc3 Bg7 7.Nf3 O-O 8.Ne5 e6
9.O-O Nfd7 10.f4 Nc6 11.Be3 Nb6 12.b3 Ne7 13.Bf2 Bd7 14.Rc1 Nf5 15.e4 dxe4
16.Bxe4 Rb8 17.d5 exd5 18.Nxd5 Nxd5 19.Qxd5 Be6 20.Qxd8 Rfxd8 21.Rc7 Nd4
22.Rxb7 Ne2+ 23.Kg2 Rxb7 24.Bxb7 Rd2 25.a4 Bxb3 26.a5 Nc3 27.Kf3 f6 28.Ng4 h5
29.Ne3 f5 30.Rc1 Bd4 31.Bg1 Kh7 32.h3 Rd3 33.Re1 Bc5 34.Kg2 Bb4 35.Nf1 Ne4
36.Rc1 Bxa5 37.Bxa7 Rd7 38.Bxe4 Rxa7 39.Bf3 Bb6 40.Re1 Bc4 41.Ne3 Ra2+ 42.Kh1 Bf7
43.Bd5 Bxd5+ 44.Nxd5 Bd4 45.Re7+ Kg8 46.Re6 Kf7 47.Re7+ Kf8 48.Re6 Ra5 49.Ne3 Kf7
50.Nc2 Kxe6 51.Nxd4+ Kd5 52.Nf3 Ke4 53.Ng5+ Ke3 54.h4 Kf2 55.Kh2 Ra3 56.Nh3+ Kf3
57.Ng5+ Kg4 58.Nf7 Ra2+  0-1

[Event "PCA/Intel-GP"]
[Site "New York"]
[Date "1995.??.??"]
[Round "1"]
[White "De Firmian, Nick E"]
[Black "Smirin, Ilia"]
[Result "0-1"]
[WhiteElo "2590"]
[BlackElo "2630"]

1.e4 c5 2.Nf3 d6 3.d4 cxd4 4.Nxd4 Nf6 5.Nc3 Nc6 6.Bc4 Qb6 7.Nb3 e6 8.Bg5 a6
9.O-O Be7 10.Bxf6 gxf6 11.a4 Na5 12.Nxa5 Qxa5 13.Kh1 h5 14.f4 Bd7 15.Qd3 h4
16.Rf3 Rc8 17.Bb3 Rc5 18.f5 Re5 19.fxe6 fxe6 20.Raf1 Bc6 21.h3 f5 22.Rf4 Rg8
23.R1f2 Rg3 24.Qf1 Bg5 25.R4f3 Bxe4 26.Nxe4 Rxe4 27.Re2 Qe5 28.Rxe4 Qxe4
29.Bc4 d5 30.Bd3 Qxa4 31.Qe1 Kd7 32.Rxg3 hxg3 33.Qxg3 Qa1+ 34.Kh2 Qc1 35.Qf2 Qxb2
36.h4 Be7 37.h5 Qf6 38.g3 Qg5 39.Qf3 Bd6 40.Kg2 a5 41.c4 f4 42.cxd5 Qxd5
43.Qxd5 exd5 44.g4 Be7 45.h6 Kd6 46.Kf3 Ke5 47.h7 Bf6 48.g5 Bg7 49.Bb5 Kf5  0-1

[Event "PCA/Intel-GP"]
[Site "New York"]
[Date "1995.??.??"]
[Round "1"]
[White "De Firmian, Nick E"]
[Black "Smirin, Ilia"]
[Result "1-0"]
[WhiteElo "2590"]
[BlackElo "2630"]

1.e4 c5 2.Nc3 Nc6 3.Nf3 d6 4.d4 cxd4 5.Nxd4 Nf6 6.Bc4 Qb6 7.Ndb5 a6 8.Be3 Qa5
9.Nd4 Ng4 10.Nxc6 bxc6 11.Bd2 g6 12.Qe2 Bg7 13.h3 Ne5 14.Bb3 Qc7 15.f4 Nd7
16.Be3 O-O 17.O-O a5 18.Qf2 e6 19.f5 d5 20.exd5 cxd5 21.fxe6 fxe6 22.Qh4 Bb7
23.Bh6 Bxh6 24.Qxh6 Rxf1+ 25.Rxf1 Rf8 26.Rxf8+ Nxf8 27.Qe3 Qd6 28.Nb5 Qc6
29.a4 Ba6 30.Nd4 Qd6 31.c3 Bb7 32.Nf3 Nd7 33.Bc2 e5 34.Bd3 Bc6 35.Bb5 Bxb5
36.axb5 Kg7 37.Kf1 e4 38.Nd4 Nc5 39.Qg5 Kf7 40.Ke2 Nd3 41.b6 Nc5 42.Nb5 Qxb6
43.Qxd5+ Kg7 44.c4 a4 45.Qd4+ Kg8 46.Ke3 Qc6 47.Qd5+ Qxd5 48.cxd5 Kf7 49.Nc3 Nd3
50.Nxa4 Kf6 51.Kxe4 Nb4 52.Nc3 Ke7 53.Kd4 Kd7 54.Ne4 Nc2+ 55.Ke5 Ne3 56.Nf6+ Kd8
57.d6 Nc4+ 58.Ke6 Nxb2 59.Nxh7 Nd3 60.Nf8 Nc5+ 61.Kd5 Nd3 62.Nxg6 Nf2 63.Ne5 Nd1
64.Ke6  1-0

[Event "PCA/Intel-GP"]
[Site "New York"]
[Date "1995.??.??"]
[Round "1"]
[White "Smirin, Ilia"]
[Black "De Firmian, Nick E"]
[Result "0-1"]
[WhiteElo "2630"]
[BlackElo "2590"]

1.e4 c5 2.Nf3 d6 3.d4 cxd4 4.Nxd4 Nf6 5.Nc3 a6 6.Be3 e5 7.Nf3 Be7 8.Bc4 O-O
9.O-O Be6 10.Bb3 b5 11.Re1 h6 12.a3 Nbd7 13.Nh4 Nb6 14.Nf5 Nc4 15.Bxc4 bxc4
16.Qf3 Rb8 17.Rab1 Kh7 18.Red1 Qc7 19.h3 Rfd8 20.Nd5 Nxd5 21.exd5 Bxf5 22.Qxf5+ Kg8
23.Bd2 Bf8 24.Bc3 Re8 25.Re1 g6 26.Qf3 f5 27.g4 Qf7 28.gxf5 gxf5 29.Kh1 Kh7
30.Rbd1 Be7 31.Qe2 Rbc8 32.f4 Bh4 33.Rg1 exf4 34.Qf3 Re3 35.Qf1 Rg8 36.Rxg8 Qxg8
37.Rd4 Bf2 38.Rd1 Rg3 39.Kh2 f3 40.Be1 Rg2+  0-1

[Event "Novosibirsk"]
[Site "Novosibirsk"]
[Date "1995.??.??"]
[Round "1"]
[White "Beliavsky, Alexander G"]
[Black "Smirin, Ilia"]
[Result "1/2-1/2"]
[WhiteElo "2650"]
[BlackElo "2630"]

1.d4 Nf6 2.c4 g6 3.Nf3 Bg7 4.g3 c6 5.Bg2 d5 6.cxd5 cxd5 7.O-O O-O 8.Nc3 e6
9.Ne5 Nfd7 10.f4 Nc6 11.Be3 Nb6 12.Bf2 Ne7 13.Rc1 Bd7 14.g4 Rc8 15.e3 f6
16.Nd3 Nc4 17.e4 dxe4 18.Nxe4 Nd5 19.Qe2 b6 20.f5 Kh8 21.fxg6 hxg6 22.Nc3 Bh6
23.Rce1 Nxc3 24.bxc3 Kg7 25.h4 Kh7 26.Kh1 Qc7 27.Rg1 Qd6 28.g5 fxg5 29.hxg5 Bg7
30.Be4 Rh8 31.Bg3 Kg8+ 32.Kg2 Qa3 33.Nf4 Nd6 34.Bf3 Rxc3 35.Nxe6 Nf5 36.Nf4 Ne3+
37.Qxe3 Rxe3 38.Bd5+ Be6 39.Bxe6+ Rxe6 40.Rxe6 Qxa2+ 41.Re2 Qc4 42.Rge1 Bf8
43.d5 Rh7 44.Re6 Rf7 45.Rxg6+ Rg7 46.Rc6 Qb4 47.g6 Re7 48.Rxe7 Bxe7 49.Kh3 Qb1
50.Kg4 Qd1+ 51.Kf5 Qb1+ 52.Kg4 Qd1+ 53.Kf5 Qb1+ 54.Kg4  1/2-1/2

[Event "Novosibirsk"]
[Site "Novosibirsk"]
[Date "1995.??.??"]
[Round "4"]
[White "Smirin, Ilia"]
[Black "Khalifman, Alexander"]
[Result "1/2-1/2"]
[WhiteElo "2630"]
[BlackElo "2655"]

1.e4 e5 2.Nf3 Nc6 3.Bb5 a6 4.Ba4 Nf6 5.O-O Nxe4 6.d4 b5 7.Bb3 d5 8.dxe5 Be6
9.Nbd2 Bc5 10.Nxe4 dxe4 11.Ng5 Qxd1 12.Rxd1 Bxb3 13.axb3 Bb6 14.Nxe4 Nxe5
15.Bf4 Ng6 16.Be3 O-O 17.Bxb6 cxb6 18.f3 b4 19.Nd6 Rfd8 20.Kf2 Kf8 21.Nc4 Rdc8
22.Rd6 b5 23.Ne3 a5 24.Rd5 Rcb8 25.Rd4 Ne7 26.Rd7  1/2-1/2

[Event "Rubinstein mem"]
[Site "Polanica Zdroj"]
[Date "1995.??.??"]
[Round "2"]
[White "Smirin, Ilia"]
[Black "Ehlvest, Jaan"]
[Result "1/2-1/2"]
[WhiteElo "2630"]
[BlackElo "2630"]

1.e4 e6 2.d4 d5 3.Nc3 dxe4 4.Nxe4 Nd7 5.g3 Ngf6 6.Nxf6+ Qxf6 7.Nf3 Bd6 8.Bg2 e5
9.O-O O-O 10.Ng5 exd4 11.Ne4 Qg6 12.h4 h6 13.Qxd4  1/2-1/2

[Event "Rubinstein mem"]
[Site "Polanica Zdroj"]
[Date "1995.??.??"]
[Round "4"]
[White "Smirin, Ilia"]
[Black "De Firmian, Nick E"]
[Result "1/2-1/2"]
[WhiteElo "2630"]
[BlackElo "2605"]

1.e4 c5 2.Nf3 d6 3.d4 cxd4 4.Nxd4 Nf6 5.Nc3 a6 6.Be3 e5 7.Nb3 Be6 8.f3 Nbd7
9.g4 Be7 10.Qd2 O-O 11.O-O-O b5 12.g5 b4 13.Ne2 Ne8 14.Ng3 a5 15.Kb1 Nc7
16.f4 a4 17.Nc1 exf4 18.Bxf4 Nc5 19.Nd3 b3 20.Nxc5 bxa2+ 21.Ka1 dxc5 22.Nf5 Re8
23.Nxe7+ Qxe7 24.Bd6 Qd7 25.Bxc5 Qc6 26.Bb4 Bg4 27.Re1 Bf3 28.Rg1 Bxe4 29.Rg4 Rad8
30.Qc3 Qxc3 31.Bxc3 Bxc2 32.Rxe8+ Rxe8 33.Kxa2 Nd5 34.Ka3 Rb8 35.Bd2 Rb3+
36.Ka2 Rf3 37.Bc4 Bb3+ 38.Bxb3 axb3+ 39.Ka3 Rd3 40.Be1 Ne3 41.Re4 f5 42.gxf6 Nc2+
43.Ka4 Nxe1 44.Rxe1 gxf6 45.Re8+ Kf7 46.Rb8 Rh3 47.Rxb3 Rxh2 48.Kb5 h5 49.Kc4 h4
50.Kd4 h3 51.Ke4 Re2+ 52.Kf4 h2 53.Rh3 Rxb2 54.Rh7+ Kg6 55.Rh8 Ra2 56.Kf3 Kg5
57.Rh7 f5 58.Kg3 Ra4 59.Kg2 Rd4 60.Rh8 Kf4 61.Kxh2 Kf3 62.Ra8 Rd3 63.Ra7 f4
64.Rf7 Rd1 65.Rf8 Rf1 66.Rh8 Re1 67.Rf8 Re4 68.Kg1 Ke2 69.Kg2 Ke3 70.Ra8 f3+
71.Kf1 Rd4 72.Re8+  1/2-1/2

[Event "Rubinstein mem"]
[Site "Polanica Zdroj"]
[Date "1995.??.??"]
[Round "5"]
[White "Ftacnik, Lubomir"]
[Black "Smirin, Ilia"]
[Result "1-0"]
[WhiteElo "2580"]
[BlackElo "2630"]

1.d4 Nf6 2.c4 g6 3.Nc3 Bg7 4.e4 d6 5.Be2 O-O 6.Nf3 e5 7.O-O Nc6 8.d5 Ne7
9.Nd2 a5 10.Rb1 Bd7 11.b3 Bh6 12.c5 dxc5 13.Nc4 Bg7 14.Bg5 Ne8 15.d6 cxd6
16.Nxd6 Bc6 17.Nc8 Qxc8 18.Bxe7 Nf6 19.Bxf8 Qxf8 20.Qc2 Rd8 21.Rfd1 Rd4 22.f3 Bh6
23.Bb5 Bxb5 24.Nxb5 Rb4 25.Nd6 Be3+ 26.Kh1 Bd4 27.Nc4 Qa8 28.a3 Rb5 29.Qd3 a4
30.bxa4 Qxa4 31.Rxb5 Qxb5 32.Nxe5 Qe8 33.Nc4 Nh5 34.g3 b5 35.Nd2 Be5 36.Nb3 Qe6
37.Kg2 Bc7 38.Nxc5 Qe5 39.Nd7 Qg5 40.Qd2  1-0

[Event "Rubinstein mem"]
[Site "Polanica Zdroj"]
[Date "1995.??.??"]
[Round "7"]
[White "Smirin, Ilia"]
[Black "Sosonko, Gennadi"]
[Result "1-0"]
[WhiteElo "2630"]
[BlackElo "2525"]

1.e4 c5 2.Nf3 d6 3.d4 cxd4 4.Nxd4 Nf6 5.Nc3 Nc6 6.Bg5 e6 7.Qd2 Be7 8.O-O-O Nxd4
9.Qxd4 O-O 10.f4 h6 11.Bh4 Qa5 12.Be1 e5 13.Qf2 exf4 14.Qxf4 Be6 15.Kb1 Qe5
16.Qxe5 dxe5 17.Bg3 Rad8 18.Be2 Ng4 19.Nd5 Bd6 20.Bh4 f6 21.Bc4 g5 22.h3 gxh4
23.hxg4 Kg7 24.Rxh4 Bc5 25.Rdh1 Rh8 26.Rf1 b5 27.Bb3 Rhf8 28.c3 a5 29.Nc7 Bd7
30.Be6 Bb6 31.Bxd7 Bxc7 32.Bxb5 Rd2 33.Rfh1 Rh8 34.R4h3 Rxg2 35.Rd3 Bb6 36.Bd7 Rb8
37.Bf5 Bc5 38.b3 Rb7 39.Rhd1 Ba3 40.R3d2 Rg3 41.Kc2 Kf8 42.Rd8+ Kg7 43.Rc8 Rg2+
44.Rd2  1-0

[Event "Rubinstein mem"]
[Site "Polanica Zdroj"]
[Date "1995.??.??"]
[Round "11"]
[White "Smirin, Ilia"]
[Black "Markowski, Tomasz"]
[Result "0-1"]
[WhiteElo "2630"]
[BlackElo "2530"]

1.e4 c5 2.Nf3 e6 3.d4 cxd4 4.Nxd4 Nf6 5.Nc3 d6 6.g4 Nc6 7.g5 Nd7 8.Be3 Be7
9.h4 O-O 10.f4 d5 11.exd5 exd5 12.Qd2 Nb6 13.O-O-O Bg4 14.Re1 Qd7 15.f5 Rfe8
16.Rg1 Bh5 17.Bb5 Bf8 18.f6 Nc4 19.Bxc4 dxc4 20.fxg7 Bxg7 21.Ndb5 Qxd2+ 22.Bxd2 Bg6
23.Nd5 Rxe1+ 24.Rxe1 Rd8 25.Nf6+ Bxf6 26.gxf6 h5 27.Na3 Rd4 28.Bh6 Rxh4 29.Bg7 Kh7
30.Re8 Bf5 31.Nb5 Rh2 32.Nd6 Nd4 33.Rh8+ Kg6 34.Rh6+ Kg5 35.Nxf7+ Kf4 36.Ne5 Rxc2+
37.Kd1 Ke3 38.f7 Rd2+ 39.Ke1 Re2+ 40.Kf1 Rf2+  0-1

[Event "Tel Aviv "]
[Site "Tel Aviv "]
[Date "1995.??.??"]
[Round "?"]
[White "Wapner, Jonathan"]
[Black "Smirin, Ilia"]
[Result "1/2-1/2"]
[WhiteElo "2165"]
[BlackElo "2630"]

1.e4 d6 2.d4 Nf6 3.Nc3 g6 4.Bg5 h6 5.Bh4 Bg7 6.Qd2 Nc6 7.d5 Ne5 8.f4 Ned7
9.Nf3 c6 10.O-O-O cxd5 11.exd5 Nc5 12.Bb5+ Bd7 13.Bxd7+ Qxd7 14.Rhe1 O-O
15.Bf2 Rac8 16.Qe2 Na4 17.Nxa4 Qxa4 18.Kb1 Qxf4 19.Qxe7 Qg4 20.Qe2 Rfe8 21.Qd3 Qxg2
22.Bxa7 Rxe1 23.Rxe1 Ng4 24.Nh4 Qxh2 25.Nxg6 fxg6 26.Qxg6 Kh8 27.Re8+ Rxe8
28.Qxe8+ Kh7 29.Qe4+ Kg8 30.Qe6+ Kh7 31.Qe4+  1/2-1/2

[Event "Lee Cup"]
[Site "Beijing"]
[Date "1996.??.??"]
[Round "2"]
[White "Smirin, Ilia"]
[Black "Li Zunian"]
[Result "1-0"]
[WhiteElo "2625"]
[BlackElo "2400"]

1.d4 d5 2.c4 e6 3.Nc3 Be7 4.cxd5 exd5 5.Qc2 Nf6 6.Bg5 c6 7.e3 Nbd7 8.Bd3 O-O
9.Nge2 Re8 10.O-O Nf8 11.f3 Be6 12.Rae1 Ng6 13.a3 Rc8 14.Kh1 a6 15.Na4 Rc7
16.b4 Bc8 17.Nf4 Nxf4 18.Bxf4 Bd6 19.Bg5 h6 20.Bh4 Be7 21.e4 dxe4 22.fxe4 b5
23.Nc5 Qxd4 24.Bg3 Ra7 25.e5 Ng4 26.e6 Bxe6 27.Nxe6 fxe6 28.Re4 Ne3 29.Rxd4 Nxc2
30.Bxc2 a5 31.Bb3 axb4 32.axb4 Kh8 33.Rc1 Rf8 34.Bxe6 Ra4 35.Rd7 Bf6 36.Bd6 Re8
37.Bf7 Re2 38.Bg6 Ra8 39.Bc5 Bg5 40.Rcd1 Re6 41.Bf5 Re5 42.Bg4  1-0

[Event "Lee Cup"]
[Site "Beijing"]
[Date "1996.??.??"]
[Round "4"]
[White "Smirin, Ilia"]
[Black "Liang Chong"]
[Result "0-1"]
[WhiteElo "2625"]
[BlackElo "2275"]

1.e4 c6 2.d4 d5 3.e5 Bf5 4.Nf3 e6 5.Be2 c5 6.Be3 Nc6 7.O-O cxd4 8.Nxd4 Nge7
9.c4 Nxd4 10.Bxd4 Nc6 11.Qa4 Bc2 12.Qxc2 Nxd4 13.Qd1 Bc5 14.Nc3 dxc4 15.Bxc4 O-O
16.Ne4 Be7 17.Rc1 Qb6 18.Rc3 Rac8 19.Nf6+ Bxf6 20.exf6 g6 21.Qg4 Rfd8 22.b3 h5
23.Qe4 Qc6 24.Qxc6 Rxc6 25.Rcc1 e5 26.Rfe1 Rdd6 27.Rcd1 b5 28.Bf1 Rc5 29.f4 exf4
30.Rd3 Rcd5 31.Re8+ Kh7 32.Re7 Rd7 33.Re8 g5 34.Rh3 Kg6 35.Rg8+ Kxf6 36.Rxh5 Ne6
37.h4 gxh4 38.Rxh4 Rd1 39.Rh6+ Ke7 40.Ra8 Ra1 41.Rh3 Rxa2 42.Bxb5 Rd1+ 43.Bf1 Ng5
44.Rd3 Rb1 45.Rd4 f3 46.Rg4 fxg2  0-1

[Event "Lee Cup"]
[Site "Beijing"]
[Date "1996.??.??"]
[Round "6"]
[White "Smirin, Ilia"]
[Black "Kuang Yinghui"]
[Result "1-0"]
[WhiteElo "2625"]
[BlackElo "2115"]

1.e4 c5 2.Nf3 Nc6 3.Bb5 g6 4.c3 Nf6 5.e5 Nd5 6.O-O Bg7 7.d4 cxd4 8.cxd4 O-O
9.Nc3 Nc7 10.Ba4 d6 11.exd6 Qxd6 12.d5 Ne5 13.h3 Bd7 14.Bb3 Nb5 15.Ng5 Nxc3
16.bxc3 Bb5 17.Ne4 Qc7 18.Re1 Nd3 19.Re3 Nxc1 20.Rxc1 Bc4 21.Rb1 b6 22.Qf3 Rad8
23.Rd1 b5 24.h4 h6 25.h5 Bxb3 26.axb3 f5 27.Nd2 g5 28.c4 bxc4 29.Nxc4 Rd7
30.Re6 g4 31.Qd3 Qc5 32.Ne5 Rb7 33.Nc6 a5 34.Rde1 Qb5 35.Nxe7+ Kh7 36.Qc2 Qxb3
37.Qc6  1-0

[Event "Lee Cup"]
[Site "Beijing"]
[Date "1996.??.??"]
[Round "7"]
[White "Greenfeld, Alon"]
[Black "Smirin, Ilia"]
[Result "1/2-1/2"]
[WhiteElo "2555"]
[BlackElo "2625"]

1.Nf3 Nf6 2.g3 b5 3.Bg2 Bb7 4.O-O e6 5.d3 Be7 6.e4 d6 7.Na3 a6 8.c4 c6 9.Re1 Nbd7
10.d4 e5 11.b3 O-O 12.Bb2 Re8 13.Nc2 Bf8 14.c5 exd4 15.cxd6 Nxe4 16.Nfxd4 Ndf6
17.Nf5 Nxd6 18.Rxe8 Nfxe8 19.Nce3 Nxf5 20.Nxf5 g6 21.Ne3 Qb6 22.Qf3 Bg7 23.Bxg7 Kxg7
24.Ng4 Rd8 25.Re1 Bc8 26.Ne5 Nf6 27.Qxc6 Qxc6 28.Bxc6 Rd2 29.a4 b4 30.Nc4 Rc2
31.Bf3 Be6 32.Na5 Rb2 33.Be2 Ne4 34.Bxa6 Nxf2 35.Re2 Rxe2  1/2-1/2

[Event "Lee Cup"]
[Site "Beijing"]
[Date "1996.??.??"]
[Round "8"]
[White "Smirin, Ilia"]
[Black "Xu Jun"]
[Result "1/2-1/2"]
[WhiteElo "2625"]
[BlackElo "2505"]

1.e4 c5 2.Ne2 e6 3.d4 d5 4.exd5 exd5 5.Nbc3 Nc6 6.dxc5 d4 7.Ne4 Nf6 8.Bg5 Qa5+
9.Bd2 Qd8 10.N2g3 Nxe4 11.Nxe4 Qd5 12.Qf3 Be6 13.Nd6+ Bxd6 14.Qxd5 Bxd5 15.cxd6 O-O-O
16.Bf4 Rhe8+ 17.Kd2 Ne5 18.Re1 f6 19.Bb5 Re6 20.d7+ Kc7 21.f3 Kb6 22.Ba4 Kc5
23.c3 dxc3+ 24.Kxc3 b5 25.Be3+ Kc6 26.Bc2 a5 27.Bxh7 g6 28.Bd4 Rxd7 29.Bg8 Red6
30.Bxe5 fxe5 31.Bxd5+ Rxd5 32.Kc2 Rd2+ 33.Kb1 Rxg2 34.Rxe5 Rdd2  1/2-1/2

[Event "Lee Cup"]
[Site "Beijing"]
[Date "1996.??.??"]
[Round "9"]
[White "Wang Yaoyao"]
[Black "Smirin, Ilia"]
[Result "1-0"]
[WhiteElo "2410"]
[BlackElo "2625"]

1.d4 Nf6 2.c4 g6 3.Nc3 Bg7 4.e4 d6 5.Be2 O-O 6.Bg5 Na6 7.Qd2 e5 8.d5 c6 9.f3 Qa5
10.g4 h5 11.h3 Bd7 12.O-O-O cxd5 13.Nxd5 Qxd2+ 14.Rxd2 Nxd5 15.Rxd5 Be6 16.Rxd6 Rfc8
17.Kb1 Nb4 18.gxh5 gxh5 19.f4 Bxc4 20.Bxc4 Rxc4 21.Nf3 exf4 22.Rg1 Kf8 23.e5 Nc6
24.Rd7 Re4 25.Bf6 Bxf6 26.exf6 Ne5 27.Nxe5 Rxe5 28.Rg7 Re1+ 29.Kc2 Rc8+ 30.Kd2 Re6
31.Rdxf7+ Ke8 32.Re7+ Rxe7 33.Rxe7+ Kf8 34.Rxb7 Re8 35.Rxa7 f3 36.Re7 Rd8+
37.Ke1 Rd3 38.Rb7 f2+ 39.Kxf2 Rxh3 40.Kg2 Rd3 41.a4 Rd6 42.f7 Ra6 43.b3 Kg7
44.Kg3 Ra8 45.Kh4 Kg6 46.a5  1-0

[Event "Lee Cup"]
[Site "Beijing"]
[Date "1996.??.??"]
[Round "10"]
[White "Smirin, Ilia"]
[Black "Li Wenliang"]
[Result "1-0"]
[WhiteElo "2625"]
[BlackElo "2425"]

1.e4 c6 2.d4 d5 3.e5 Bf5 4.Nf3 e6 5.Be2 Nd7 6.O-O Ne7 7.Nh4 Bg6 8.Nd2 c5
9.c3 Nc6 10.Nxg6 hxg6 11.Nf3 Be7 12.Be3 a6 13.g3 g5 14.Kg2 cxd4 15.cxd4 Nf8
16.a3 f6 17.h3 Qd7 18.b4 Bd8 19.Rc1 Ng6 20.Bd3 Nge7 21.Re1 Bc7 22.Bd2 Bb6
23.Bc3 Rc8 24.a4 Kf7 25.Rc2 Nd8 26.a5 Ba7 27.Qb1 Rc7 28.Rec1 Qc8 29.b5 axb5
30.Qxb5 Qd7 31.Qb1 Nf5 32.Bb5 Qc8 33.Bb4 Rxc2 34.Rxc2 Nc6 35.a6 Qb8 36.axb7 Ncxd4
37.Nxd4 Bxd4 38.Bd6 Nxd6 39.exd6 Bb6 40.Be8+ Rxe8 41.Qxb6  1-0

[Event "Calgary op"]
[Site "Calgary"]
[Date "1996.??.??"]
[Round "5"]
[White "Smirin, Ilia"]
[Black "Gardner, Robert"]
[Result "1-0"]
[WhiteElo "2615"]
[BlackElo "2175"]

1.e4 c5 2.Nf3 d6 3.d4 cxd4 4.Nxd4 Nf6 5.Nc3 a6 6.f4 Qc7 7.Qf3 Nc6 8.Be3 e6
9.O-O-O Bd7 10.g4 Nxd4 11.Rxd4 Bc6 12.g5 Nd7 13.h4 f5 14.Qh3 g6 15.Bc4 Nc5
16.h5 Rg8 17.Rd2 b5 18.Bxc5 bxc4 19.Ba3 O-O-O 20.Rhd1 d5 21.Bxf8 Rgxf8 22.exd5 exd5
23.Qe3 Rfe8 24.Qd4 Re6 25.hxg6 hxg6 26.b3 cxb3 27.axb3 Rde8 28.Kb2 Rd8 29.Rh1 Kb7
30.Rh6 Rd7 31.Rh8 Re1 32.Rg8 Qa5 33.Rd1 Rxd1 34.Nxd1 Rd6 35.Nf2 Bd7 36.Nd3 Qb6
37.Qxb6+ Kxb6 38.Ne5 d4 39.Nc4+  1-0

[Event "Calgary op"]
[Site "Calgary"]
[Date "1996.??.??"]
[Round "7"]
[White "Smirin, Ilia"]
[Black "Dougherty, Michael"]
[Result "1-0"]
[WhiteElo "2615"]
[BlackElo "2235"]

1.e4 c5 2.Nf3 Nc6 3.Bb5 g6 4.c3 Bg7 5.d4 cxd4 6.cxd4 Qb6 7.Nc3 d6 8.O-O Bd7
9.Be3 Qd8 10.h3 h5 11.Rc1 h4 12.Bg5 Bf6 13.Qd2 Rh5 14.Be3 Bg7 15.d5 Ne5 16.Nxe5 Bxe5
17.Be2 Rh8 18.f4 Bg7 19.Nb5 Kf8 20.Nc7  1-0

[Event "EU-ch Rapid-30'"]
[Site "Cap d`Agde"]
[Date "1996.??.??"]
[Round "?"]
[White "Smirin, Ilia"]
[Black "Lautier, Joel"]
[Result "0-1"]
[WhiteElo "2625"]
[BlackElo "2620"]

1.e4 c5 2.Nf3 d6 3.d4 cxd4 4.Nxd4 Nf6 5.Nc3 a6 6.Be3 e5 7.Nf3 Be7 8.Bc4 O-O
9.O-O Be6 10.Bb3 Re8 11.Ng5 Bxb3 12.axb3 Nc6 13.Nf3 h6 14.Nd5 Nxd5 15.exd5 Nb8
16.c4 Nd7 17.b4 e4 18.Nd2 Bf6 19.Qc2 Be5 20.Nxe4 Bxh2+ 21.Kxh2 Qh4+ 22.Kg1 Rxe4
23.g3 Qg4 24.Qd1 Qh3 25.Bd4 Rae8 26.c5 R8e5 27.Bxe5 Nxe5 28.f4 Qxg3+ 29.Kh1 Qh3+
30.Kg1 Re3 31.Ra3 Nd3  0-1

[Event "EU-ch Rapid-30'"]
[Site "Cap d`Agde"]
[Date "1996.??.??"]
[Round "?"]
[White "Smirin, Ilia"]
[Black "Karpov, Anatoly"]
[Result "1/2-1/2"]
[WhiteElo "2625"]
[BlackElo "2775"]

1.e4 c6 2.d4 d5 3.e5 Bf5 4.Nf3 e6 5.Be2 Ne7 6.O-O c5 7.Nc3 Nec6 8.Bg5 Qa5
9.a3 Nxd4 10.Nxd4 cxd4 11.Nb5 h6 12.Bd2 Qb6 13.Bb4 Bxb4 14.axb4 Nc6 15.Nd6+ Ke7
16.Nxf5+ exf5 17.b5 Nxe5 18.Ra4 Nc4 19.Bxc4 dxc4 20.Rxc4 Rhd8 21.Qh5 Qxb5
22.Qh4+ Kf8 23.Rxd4 Rxd4 24.Qxd4 Kg8 25.h3 Rc8 26.Rc1 a5 27.c4 Qc5 28.Qd7 Rc7
29.Qd8+ Kh7 30.Rc3 Re7 31.Qd2 Re4 32.b3 Qe5 33.Rc1 Re2 34.Qd7 b6 35.Qxf7 Re1+
36.Rxe1 Qxe1+ 37.Kh2 Qxf2 38.Qd5 h5 39.Qf7 Qf4+ 40.Kh1  1/2-1/2

[Event "EU-ch Rapid-30'"]
[Site "Cap d`Agde"]
[Date "1996.??.??"]
[Round "?"]
[White "Smirin, Ilia"]
[Black "Hansen, Curt"]
[Result "1/2-1/2"]
[WhiteElo "2625"]
[BlackElo "2595"]

1.e4 c5 2.Nf3 e6 3.c4 Nc6 4.Nc3 Nf6 5.Be2 b6 6.O-O Bb7 7.d4 cxd4 8.Nxd4 Nxd4
9.Qxd4 Bc5 10.Qd3 Qb8 11.Be3 O-O 12.Bxc5 bxc5 13.f4 d6 14.Rad1 Rd8 15.Bf3 Rd7
16.Qe3 a6 17.e5 Ne8 18.b3 Bxf3 19.Qxf3 Raa7 20.Qe3 h6 21.exd6 Nxd6 22.Qxc5 Nf5
23.Qf2 Qb4 24.Ne4 a5 25.g4 Ne7 26.f5 Nc6 27.fxe6 fxe6 28.Qc5 Nd4 29.Qc8+ Kh7
30.Rf8 Qe7 31.Rdf1 Qh4 32.Kh1 Rf7 33.Qc5 Rxf1+ 34.Rxf1 Qh3 35.Ng3 Ne2 36.Rg1 Nxg1
37.Qxa7 Nf3 38.Qf2 Qxg4 39.Qe2 Qf4 40.Qxe6 Qc1+ 41.Kg2 Nh4+ 42.Kf2 Qb2+ 43.Qe2 Qf6+
44.Kg1 g6 45.Qf2 Nf3+ 46.Kg2 Nh4+ 47.Kg1 Nf3+ 48.Kg2 Nh4+ 49.Kg1 Nf3+  1/2-1/2

[Event "EU-ch Rapid-30'"]
[Site "Cap d`Agde"]
[Date "1996.??.??"]
[Round "?"]
[White "Smirin, Ilia"]
[Black "Adams, Michael"]
[Result "1-0"]
[WhiteElo "2625"]
[BlackElo "2685"]

1.c4 e5 2.Nc3 Nf6 3.Nf3 Nc6 4.d4 exd4 5.Nxd4 Bb4 6.Bg5 h6 7.Bh4 Bxc3+ 8.bxc3 Ne5
9.f4 Ng6 10.Bxf6 Qxf6 11.g3 O-O 12.Qd2 d6 13.Bg2 Ne7 14.Nb5 c6 15.Nxd6 Nf5
16.Nxf5 Bxf5 17.O-O Rfe8 18.Rfe1 Rad8 19.Qb2 Be4 20.Bxe4 Rxe4 21.Rad1 Rde8
22.Qxb7 Qxc3 23.Qxc6 R4e6 24.Qg2 Qxc4 25.Rd2 h5 26.Qd5 Qxd5 27.Rxd5 Rxe2
28.Rxe2 Rxe2 29.Ra5 h4 30.gxh4 Re4 31.f5 Rxh4 32.Rxa7 Rf4 33.Ra5 g6 34.fxg6 fxg6
35.Ra7 Rc4 36.a4 Rc2 37.a5 Ra2 38.h4 Kh8 39.Kf1 Kg8 40.Ke1 Kf8 41.a6 Kg8
42.Kd1 Kh8 43.Kc1 Ra4 44.Kb2 Kg8 45.Kb3 Ra5 46.Kb4 Ra1 47.Kc5 Rb1 48.Rb7 Rc1+
49.Kb6 Rb1+ 50.Kc7 Rc1+ 51.Kb8 Rf1 52.a7  1-0

[Event "EU-ch Rapid-30'"]
[Site "Cap d`Agde"]
[Date "1996.??.??"]
[Round "?"]
[White "Adams, Michael"]
[Black "Smirin, Ilia"]
[Result "1/2-1/2"]
[WhiteElo "2685"]
[BlackElo "2625"]

1.e4 c5 2.Nf3 Nc6 3.d4 cxd4 4.Nxd4 Nf6 5.Nc3 d6 6.Bg5 e6 7.Qd2 a6 8.O-O-O h6
9.Be3 Be7 10.f4 Nxd4 11.Bxd4 b5 12.Qe3 Qc7 13.e5 dxe5 14.fxe5 Nd7 15.Ne4 Bb7
16.Nd6+ Qxd6 17.exd6 Bg5 18.Qxg5 hxg5 19.Bxg7 Rh4 20.Bc3 f6 21.Be1 Rh6 22.h4 Kf7
23.Rh3 gxh4 24.Rxh4 Rxh4 25.Bxh4 Rg8 26.g3 Bd5 27.a4 Rb8 28.axb5 axb5 29.Be2 b4
30.Bh5+ Kg7 31.Bg4 Ne5 32.Bh5 b3 33.Rf1 Nd7 34.c3 Rb6 35.Be8 Rxd6 36.Bxd7 Rxd7
37.Bxf6+ Kg6 38.Bh4 Bc4 39.Rf6+ Kh5 40.Rf4 Be2 41.Rd4 Rxd4 42.cxd4 Bc4 43.Kd2 Kg4
44.Ke3 Bd5  1/2-1/2

[Event "EU-ch Rapid-30'"]
[Site "Cap d`Agde"]
[Date "1996.??.??"]
[Round "?"]
[White "Adams, Michael"]
[Black "Smirin, Ilia"]
[Result "1/2-1/2"]
[WhiteElo "2685"]
[BlackElo "2625"]

1.e4 c5 2.Nf3 Nc6 3.c3 Nf6 4.e5 Nd5 5.Bc4 Nb6 6.Bb3 c4 7.Bc2 d6 8.exd6 exd6
9.O-O Be7 10.d3 d5 11.dxc4 dxc4 12.Qxd8+ Bxd8 13.Re1+ Be7 14.Be4 Be6 15.Bxc6+ bxc6
16.Nd4 Bd7 17.Bf4 Kf8 18.Nd2 g5 19.Bc7 c5 20.N4f3 Be6 21.a4 Rg8 22.Bxb6 axb6
23.Ne5 Kg7 24.Ndxc4 Ra6 25.Rad1 Rd8 26.Rxd8 Bxd8 27.b3 Bf6 28.Nd2 Ra8 29.Kf1 Re8
30.Re3 Bxb3 31.Nxb3 Rxe5 32.Rxe5 Bxe5 33.c4 Kf6 34.h3 Kf5 35.Ke2 h5 36.Kf3 g4+
37.hxg4+ hxg4+ 38.Ke3 Bb2 39.Kd3 Ke5 40.a5 bxa5 41.Nxa5 f5 42.Nb3 Kd6 43.Ke3 Ke5
44.Ke2 Bd4 45.Nc1 Bc3 46.Nb3 Bd4 47.Nc1 Bc3 48.Nb3 Bd4 49.Nc1  1/2-1/2